| 000 | 00401nam a22001697a 4500 | ||
|---|---|---|---|
| 005 | 20171129130315.0 | ||
| 008 | 171129b xxu||||| |||| 00| 0 eng d | ||
| 020 | _a81-85421-72-2 | ||
| 041 | _aeng | ||
| 082 | _a635 | ||
| 100 |
_aBOSE, T.K.AND OTHER _93993 |
||
| 245 |
_aVEGETABLE CROPS (VOL-1 _cT.K. BOSE |
||
| 250 | _a3RD. ED. | ||
| 260 |
_aINDIA _bNAYA PRAKASH |
||
| 300 | _a668p. | ||
| 942 | _cBK | ||
| 999 |
_c5640 _d5638 |
||